Rotores : de una trilogía desesperante (historia narrada en 7 cápsulas para marearse y más) /

Detalles Bibliográficos
Autor principal: Ordoñez Rivera, Ana Gabriela (Autor)
Formato: Electrónico eBook
Lenguaje:español
Publicado: Bogotá, Colombia : Editorial Aula de Humanidades, 2024.
Edición:Primera edición.
Colección:Colección Literatura (Editorial Aula de Humanidades). Serie Poesía.
Materias:
Acceso en línea:Digitalia Hispánica

MARC

LEADER 00000nam a2200000 i 4500
001 DIGAUHUM0004
003 NyNyDIG
007 cr |||||||||||
008 241210s2024 ck o 000 p spa d
006 m o d
035 |a (OCoLC)1478203864 
040 |a DGITA  |b eng  |e rda  |e pn  |c DGITA 
020 |a 9786287700499  |q (versión digital) 
020 |z 9786287700482  |q (versión impresa) 
050 1 4 |a PQ8180.425.R365 ebook 
100 1 |a Ordoñez Rivera, Ana Gabriela,  |e author. 
245 1 0 |a Rotores :  |b de una trilogía desesperante (historia narrada en 7 cápsulas para marearse y más) /  |c Ana Gabriela. 
250 |a Primera edición. 
264 1 |a Bogotá, Colombia :  |b Editorial Aula de Humanidades,  |c 2024. 
300 |a 1 online resource. 
336 |a text  |b txt  |2 rdacontent 
337 |a computer  |b c  |2 rdamedia 
338 |a online resource  |b cr  |2 rdacarrier 
347 |a text file  |2 rdaft 
347 |b PDF 
490 1 |a Colección: Literatura. Serie: Poesía 
588 0 |a Online resource; title from PDF title page (Digitalia, viewed December 10, 2024) 
655 7 |a Poetry.  |2 lcgft 
655 7 |a Prose poems.  |2 lcgft 
791 2 |a Digitalia (Firm),  |e distributor. 
793 0 |g Digitalia eBook Collection:  |a Editorial Aula de Humanidades 
776 0 8 |i Print version:  |a Ordoñez Rivera, Ana Gabriela.  |t Rotores.  |b Primera edición.  |d Bogotá, Colombia : Editorial Aula de Humanidades, [2024]  |z 9786287700482 
830 0 |a Colección Literatura (Editorial Aula de Humanidades).  |p Serie Poesía. 
856 4 0 |3 Digitalia Hispánica  |u https://www.digitaliapublishing.com/a/159380/ 
910 |a Premium collection: 2024